BUBT Library Online Catalog

Introduction to English Language Study : (Record no. 3300)

000 -LEADER
fixed length control field 00596nam a2200205Ia 4500
003 - CONTROL NUMBER IDENTIFIER
control field BUBTL
008 - FIXED-LENGTH DATA ELEMENTS--GENERAL INFORMATION
fixed length control field 151213s9999 xx 000 0 und d
020 ## - INTERNATIONAL STANDARD BOOK NUMBER
International Standard Book Number 984643143x
082 ## - DEWEY DECIMAL CLASSIFICATION NUMBER
Classification number 400/ M3144i/ 2006
100 ## - MAIN ENTRY--PERSONAL NAME
Personal name Dr. M. Maniruzzaman
9 (RLIN) 4657
245 ## - TITLE STATEMENT
Title Introduction to English Language Study :
Statement of responsibility, etc. Dr. M. Maniruzzaman
250 ## - EDITION STATEMENT
Edition statement 1st
260 ## - PUBLICATION, DISTRIBUTION, ETC. (IMPRINT)
Place of publication, distribution, etc. Dhaka
Name of publisher, distributor, etc. Friend'S Book Corner
Date of publication, distribution, etc. c2006
300 ## - PHYSICAL DESCRIPTION
Extent 234p. :
Other physical details 22 cm
650 ## - SUBJECT ADDED ENTRY--TOPICAL TERM
Topical term or geographic name as entry element English Language
9 (RLIN) 194
700 ## - ADDED ENTRY--PERSONAL NAME
Personal name Dr. M. Maniruzzaman
9 (RLIN) 4657
856 ## - ELECTRONIC LOCATION AND ACCESS
Password 0
Logon 0
Link text Download
942 ## - ADDED ENTRY ELEMENTS (KOHA)
Source of classification or shelving scheme
Koha item type Books
Holdings
Withdrawn status Lost status Source of classification or shelving scheme Damaged status Not for loan Collection code Permanent location Current location Shelving location Date acquired Source of acquisition Inventory number Total Checkouts Full call number Barcode Date last seen Copy number Price effective from Koha item type Date last checked out
        Not For Loan Non-fiction Bangladesh University of Business and Technology Library Bangladesh University of Business and Technology Library English Literature Stacks 07/30/2008 Purchase 5508   400/ M3144i/ 2006 BUBTL-20035508 09/13/2022 C-1 09/13/2022 Books  
        Not For Loan Non-fiction Bangladesh University of Business and Technology Library Bangladesh University of Business and Technology Library English Literature Stacks 05/11/2011 Purchase 9016   400/ M3144i/ 2006 BUBTL-20039016 09/13/2022 C-2 09/13/2022 Books  
          Non-fiction Bangladesh University of Business and Technology Library Bangladesh University of Business and Technology Library English Literature Stacks 05/11/2011 Purchase 9017   400/ M3144i/ 2006 BUBTL-20039017 09/13/2022 C-3 09/13/2022 Books  
          Non-fiction Bangladesh University of Business and Technology Library Bangladesh University of Business and Technology Library English Literature Stacks 07/20/2011 Purchase 10662 3 400/ M3144i/ 2006 BUBTL-200310662 02/29/2024 C-4 09/13/2022 Books 02/22/2024
          Non-fiction Bangladesh University of Business and Technology Library Bangladesh University of Business and Technology Library English Literature Stacks 07/20/2011 Purchase 10664   400/ M3144i/ 2006 BUBTL-200310664 09/13/2022 C-5 09/13/2022 Books  
          Non-fiction Bangladesh University of Business and Technology Library Bangladesh University of Business and Technology Library English Literature Stacks 07/20/2011 Purchase 10663 1 400/ M3144i/ 2006 BUBTL-200310663 11/29/2023 C-6 09/13/2022 Books 11/26/2023

More Information About Library

Library Hours

  • Open: 9.00 am. to 9.00 pm.
  • Only Sunday: 9.00 am. to 6.00 pm.
  • Closed: Holiday

Contact to the University

Bangladesh University of Business and Technology Library

  • Mirpurl-2, 1216.
  • Phone:
  • Fax:
  • E-Mail: admin.library@bubt.edu.bd

Contact to the Library

Contact Person:

Md. Abdul Hakim Shah
Joint Librarian
PABX No:  113
Cell No: 01816332931
E-mail: official: admin.library@bubt.edu.bd
Personal: hakim.shah@bubt.edu.bd


BUBT Library

Copyright © 2021